Effect machining of batch on linear particle sizes; Физико-технические проблемы в науке, промышленности и медицине

Podrobná bibliografie
Parent link:Физико-технические проблемы в науке, промышленности и медицине.— 2015.— [С. 144-145]
Hlavní autor: Kasatkin D. D.
Korporativní autor: Национальный исследовательский Томский политехнический университет (ТПУ)
Shrnutí:Заглавие с титульного экрана
Jazyk:angličtina
Vydáno: 2015
Edice:Физико-химические и изотопные технологии в науке, промышленности и медицине
Témata:
On-line přístup:http://earchive.tpu.ru/handle/11683/17645
http://www.lib.tpu.ru/fulltext/c/2015/C49/114.pdf
Médium: MixedMaterials Elektronický zdroj Kapitola
KOHA link:https://koha.lib.tpu.ru/cgi-bin/koha/opac-detail.pl?biblionumber=612707

MARC

LEADER 00000naa2a2200000 4500
001 612707
005 20231101132724.0
035 |a (RuTPU)RU\TPU\conf\10838 
035 |a RU\TPU\conf\10837 
090 |a 612707 
100 |a 20150624d2015 k y0rusy50 ba 
101 0 |a eng 
102 |a RU 
105 |a y z 101zy 
135 |a drgn ---uucaa 
181 0 |a i  
182 0 |a b 
200 1 |a Effect machining of batch on linear particle sizes  |f D. D. Kasatkin 
203 |a Текст  |c электронный 
225 1 |a Физико-химические и изотопные технологии в науке, промышленности и медицине 
230 |a 1 компьютерный файл (pdf; 556 Кb) 
300 |a Заглавие с титульного экрана 
320 |a [Библиогр.: с. 145 (3 назв.)] 
337 |a Adobe Reader 
463 0 |0 (RuTPU)RU\TPU\conf\10637  |t Физико-технические проблемы в науке, промышленности и медицине  |o сборник тезисов докладов VII Международной научно-практической конференции, г. Томск, 3-6 июня 2015 г.  |f Национальный исследовательский Томский политехнический университет (ТПУ) ; под ред. А. Н. Дьяченко [и др.]  |v [С. 144-145]  |d 2015 
610 1 |a труды учёных ТПУ 
610 1 |a электронный ресурс 
610 1 |a механическая обработка 
610 1 |a линейные размеры 
610 1 |a частицы 
700 1 |a Kasatkin  |b D. D. 
712 0 2 |a Национальный исследовательский Томский политехнический университет (ТПУ)  |c (2009- )  |2 stltpush  |3 (RuTPU)RU\TPU\col\15902 
801 2 |a RU  |b 63413507  |c 20210210  |g RCR 
856 4 |u http://earchive.tpu.ru/handle/11683/17645 
856 4 |u http://www.lib.tpu.ru/fulltext/c/2015/C49/114.pdf 
942 |c BK